|
|
|
|
| LEADER |
00000nam0a2200000 4500 |
| 001 |
232928 |
| 005 |
20231031203455.0 |
| 010 |
|
|
|b 3000 экз.
|
| 035 |
|
|
|a (RuTPU)RU\TPU\book\253990
|
| 090 |
|
|
|a 232928
|
| 100 |
|
|
|a 20130221d1984 m y0rusy50 ca
|
| 101 |
0 |
|
|a rus
|
| 102 |
|
|
|a RU
|
| 105 |
|
|
|a a z 000zy
|
| 200 |
1 |
|
|a Навстречу солнцу
|a Путешествие по СССР
|e фотоальбом
|f сост. и автор текста И. Казанский
|
| 210 |
|
|
|a Москва
|c Планета
|d 1984
|
| 215 |
|
|
|a 315 с.
|c в основном цв. ил.
|d 7,5 см.
|
| 610 |
1 |
|
|a СССР
|
| 610 |
1 |
|
|a фотоальбомы
|
| 610 |
1 |
|
|a миниатюрные издания
|
| 686 |
|
|
|a Ч611.68
|v LBC/SL-A
|2 rubbk
|
| 702 |
|
1 |
|a Казанский
|b И.
|4 220
|4 570
|
| 801 |
|
1 |
|a RU
|b 63413507
|c 20130221
|
| 801 |
|
2 |
|a RU
|b 63413507
|c 20130221
|g RCR
|
| 942 |
|
|
|c BK
|